| 000 | 00536nam a2200133Ia 4500 | ||
|---|---|---|---|
| 008 | 171212s9999 xx 000 0 und d | ||
| 020 | _a9781921313134 | ||
| 245 |
_ceditor Hart, Dennis;Gregor, Shirley _aInformation Systems Foundations: Theory, Representation and Reality |
||
| 260 |
_bANU E Press _c2007 |
||
| 440 | _aInformation Systems Foundations | ||
| 650 | _aManagement information systems -- Congresses; Information resources management -- Congresses | ||
| 650 | _aTechnology | ||
| 856 | _uwww.jstor.org/stable/10.2307/j.ctt24hdw8 | ||
| 999 |
_c351164 _d351164 |
||